000 00387nam a22001337a 4500
020 _a0750672331
040 _cNUST
082 _a621.38224
_bCAR
100 _aCarr, Joseph J.
_926343
245 _aThe technician's EMI handbook :
_bClues and Solutions
260 _aBoston:
_bNewnes,
_c2002.
650 _aElectromagnetic compatibility Handbooks, manuals, etc
_9125216
942 _2ddc
_cBK
999 _c610986
_d610986